MARC

LEADER 00000nam0a2200000 4500
001 297405
005 20231102001014.0
035 |a (RuTPU)RU\TPU\book\322538 
090 |a 297405 
100 |a 20150608d1984 m y0rusy50 ca 
101 0 |a rus 
102 |a RU 
105 |a a z 001zy 
200 1 |a Световое чудо века  |f Н. Г. Басов, Ю. В. Афанасьев  |g под ред. И. В. Петрянова 
210 |a Москва  |c Педагогика  |d 1984 
215 |a 128 с.  |c ил. 
225 1 |a Библиотека детской энциклопедии 
606 1 |a Лазеры  |2 stltpush  |3 (RuTPU)RU\TPU\subj\39821  |9 59726 
610 1 |a квантовые генераторы 
610 1 |a оптический резонанс 
610 1 |a термоядерный синтез 
610 1 |a термоядерный синтез 
610 1 |a физические явления 
610 1 |a применение 
610 1 |a народное хозяйство 
675 |a 621.373.826  |v 4 
700 1 |a Басов  |b Н. Г.  |g Николай Геннадьевич 
701 1 |a Афанасьев  |b Ю. В.  |g Юрий Валентинович 
702 1 |a Петрянов  |b И. В.  |4 340 
801 1 |a RU  |b 63413507  |c 20150608 
801 2 |a RU  |b 63413507  |c 20181029  |g RCR 
942 |c BK